| 000 | 01584nam0a2200373 4500 | ||
|---|---|---|---|
| 001 | RU\NLR\BIBL_A\012705932 | ||
| 005 | 20220506132508.0 | ||
| 010 | _a978-5-9710-7107-5 | ||
| 021 |
_aRU _bКН-П-21-066411 _9КН-П-21-5243 |
||
| 035 | _a(NLR Aleph) 012705932 | ||
| 035 | _a(RuMoRGB)010818203 | ||
| 090 |
_a12894217 _c12894217 |
||
| 100 | _a20220214d2021 e y0rusy50 ca | ||
| 101 | 0 | _arus | |
| 102 | _aRU | ||
| 105 | _aac z 000zy | ||
| 181 | 0 |
_ai _baxxe |
|
| 182 | 0 | _an | |
| 200 | 1 |
_aИзбранные главы алгебры _fИ. Р. Шафаревич |
|
| 203 |
_aТекст _bвизуальный _cнепосредственный |
||
| 205 | _aИзд. 2-е, испр. | ||
| 210 |
_aМосква _cURSS _cЛЕНАНД _d2021 (макет 2022) |
||
| 215 |
_a400 с. _cил., портр. _d22 |
||
| 225 | 1 |
_aНауку - всем! Шедевры научно-популярной литературы (математика) _v№ 209 |
|
| 225 | 1 | _aКнига для школьников… и не только! | |
| 300 | _aНа 4-й с. обл. авт.: И. Р. Шафаревич, д.ф.-м.н., проф., акад. АН СССР и РАН | ||
| 313 | _a1-е изд. 2000 г. | ||
| 606 | 1 |
_aАлгебра _jУчебные издания для средней школы _2nlr_sh2 _3RU\NLR\AUTH\6619328 |
|
| 686 | 1 | _aВ151я721-1 | |
| 700 | 1 |
_aШафаревич _bИ. Р. _f1923-2017 _gИгорь Ростиславович _3RU\NLR\AUTH\773318 |
|
| 942 | _cBOOK | ||
| 980 | _aNB | ||